000 00748nam a2200265Ia 4500
003 OSt
005 20221006153754.0
006 a|||||r|||| 00| 0
007 ta
008 221006b |||||||| |||| 00| 0 chi d
020 _a7561900813
024 _a33,304
037 _bGift, PRC
_cAnnuals, Advances
040 _aEASL
_cEASL
_bchi
041 _2chi
_achi
082 _aT4:3(P41).41, M9
100 _aSHI Guang Xiang Ed.
_9665384
245 0 _aDao Zhongguo Xue Hanyu
260 _aBeijing
_bBeijing Yuyan Xue Yuan Chubanshe China
_c1989
300 _a163p.
_ccm.
490 _v CL
650 _aCL
_9642733
942 _hT4:3(P41).41, M9
_cREF
_2CC
999 _c1101390
_d1101390